000 00923nam0a22002891 4500
001 RU\INFOCOMM_322\NLR\5000228994
005 20250613112222.0
035 _a(NLR Aleph) 009606429
090 _a9343841
_c9343841
100 _a20130313d1970 |||y0rusy50 ca
101 0 _aeng
102 _aRU
105 _ay z |||||
200 1 _aCPT and infinite-component fields
_fA. I. Oksak
210 _aДубна
_d1970
215 _a32 с.
_d22 см
225 1 _aˆ[‰Издания]
_fОбъед. ин-т ядерных исследований; Лаборатория теорет. физики
_vE2-5160
309 _aОтпеч. множит. аппаратом
320 _aБиблиогр.: с. 32
686 _aФз-110
_2rubbk
686 _aˆ[‰В319]
_2rubbk
700 1 _aOksak
_bA. I.
801 1 _aRU
_bInfocomm
_c20130313
801 0 _aRU
_bINFOCOMM
_gPSBO
852 _aNLR
_jP11/3130
942 _cBOOK
980 _aNB